000 01091nam a2200229Ia 4500
003 Ost
005 20260507075622.0
008 260507s9999||||xx |||||||||||||| ||und||
020 _a9789931957263
040 _cfsecg
041 _aara
082 _a332.7
100 _aسي عمارة، سعيد
_eمؤلف
245 0 _aمفاهيم في البنوك والقروض البنكية /
_c سعيد سي عمارة
260 _aالجزائر:
_bدار امل للطباعة والنشر والتوزيع,
_c2019
300 _a80 صفحة؛
_bإيضاحات ؛
_c21 سم
504 _aمراجع ص.78
520 _aتطرق هذا الكتاب بشكا عام ومبسط للمفاهيم المتعلقة بالقطاع البنكي، وهذا حتى يتسنى للقارئ والمبتدئين في الدراسة والتكوين في هذا المجال الحساس سواء في الجامعات أو المعاهد، الاستيعاب بطريقة جد مبسطة للمعطيات.
653 _aالبنوك
653 _aالقروض المصرفية
942 _cكتاب
999 _c45149
_d45149